000 00840nam a22002297a 4500
005 20250416111505.0
008 250416b |||||||| |||| 00| 0 eng d
020 _a0-9946104-5-9 (hbk)
037 _cTB
040 _aCRL
_cCRL
041 _2pun
_apun
084 _aO153,1NPRx Q9
_qCRL
100 _aਪਰਕਾਸ਼ ਪ੍ਰਭਾਕਰ
245 _aਕੱਚੀ ਮਿੱਟੀ
260 _aਅੰਮ੍ਰਿਤਸਰ, ਭਾਰਤ:
_bਨਾਦ ਪ੍ਰਗਾਸੁ,
_c2019.
300 _a210 ਪ.
365 _b300.00
_cINR
650 _aਪੰਜਾਬੀ ਸਾਹਿਤ
650 _aਪੰਜਾਬੀ ਕਾਵਿ
942 _2CC
_cTB
_hO153,1NPRx Q9
_n0
999 _c1309035
_d1309035